Filmographie - Wes Anderson - Statistiques

Statistiques générales
  • Ce quiz a été pris 47 fois
  • Le résultat moyen est 8 sur 12
Statistiques - réponses
Par images Réponse % Correct
The Grand Budapest Hotel
95%
L'ile aux chiens / Isle of Dogs
80%
The French Dispatch
78%
Asteroid City
76%
Fantastic Mr. Fox
73%
A bord du Darjeeling Limited / The Darjeeling Limited
68%
La Famille Tenenbaum / The Royal Tenenbaums
68%
La Vie Aquatique / The Life Aquatic / The Life Aquatic with Steve Zissou
63%
Moonrise Kingdom
63%
Rushmore
46%
The Phoenician Scheme
39%
Bottle Rocket
27%
Aucun quiz correspondant
Distribution des résultats
% des personnes avec chaque résultat
Percentile par nombre de réponses
Votre historique - résultats
Vous n’avez pas pris ce quiz